00886nam a2200253Ia 4500003000900000008004100009020001800050040001600068080001300084111003200097245010700129260005100236300001500287650004100302650002200343650002900365650003100394700002800425700002800453700003600481942000700517999001500524952009300539IN-BaIIA211028s9999 xx 000 0 eng d a0-88318-155-X cIIA Library a524bARO aAIP Conferencen56th911812 0apticle acceleration mechanisms in Astrophysicscedited by Jon Arons and Christopher McKee, Claire Max. aNew York,bAmerican Institute of Physicsc1979 aviii,433p. aAstronomy and Astrophysics Thesaurus aAstrophysics9794 aElementary pticles93037 apticle acceleration911813 aArons, Jon., ed.911814 aMax, Claire, ed.911815 aMcKee, Christopher., ed.911816 cBK c6894d6894 00104070aBANbBANcGENd1981-10-20l0o524/ AROp7663r2021-11-05w1981-10-20yBKG24